000 00849nam a22003017a 4500
001 BR7801278
003 BR-BrBNA
005 20230928085536.0
007 ta
008 230509b bl.||||| |||| 00| 0 por d
040 _aBR-BrBNA
_bpor
_cBiblioteca Nacional de Agricultura
041 _a(Por)
072 _aF00
_b1000
_b/G514
090 _ 1000 BR7801278
100 1 _aDornelles, C.M.M.
110 1 _aAssociacao de Credito e Assistencia Rural de Santa Catarina, Florianopolis (Brasil)
245 1 _aCurso de citricultura [plantio, adubacao, variedade, Brasil]
260 3 _aFlorianopolis, SC (Brasil):
_c1977.
300 _a11 p.
650 _aFRUTA CITRICA
650 _aCITRICULTURA
650 _aCURSO
650 _aPLANTIO
650 _aADUBACAO
650 _aVARIEDADE
909 _a202309
_bLucia
_c55
_dLucia Elande
942 _cBK
999 _c24999
_d24999